| 000 | 03134cam a2200289zi 4500 | ||
|---|---|---|---|
| 001 | 16947771 | ||
| 005 | 20250325144256.0 | ||
| 008 | 230318t20232023enka b 001 0 eng d | ||
| 020 | _a9781529745023 | ||
| 020 | _a9781529745030 | ||
| 035 | _a(NhCcYBP)om3787430834 | ||
| 035 | _a16947771 | ||
| 040 |
_aNhCcYBP _beng _erda _cNhCcYBP |
||
| 050 | 4 |
_aHF5415.1255 _b.T663 2023 |
|
| 100 |
_aTombleson, Bridget, _eauthor. _925021 |
||
| 245 | 1 | 0 |
_aDigital storytelling for brands _c/ Bridget Tombleson & Katharina Wolf. |
| 264 | 1 |
_aLondon : _bSAGE Publications, _c[2023] |
|
| 264 | 4 | _c©2023 | |
| 300 |
_a287 pages : _billustrations ; _c25 cm |
||
| 505 | _aNarrative Models Across the Ages — Semiotics In A Digital World — Participatory Culture And Transmedia Storytelling — The Traditional Narrative And The Collective Narrative — Telling Stories Across Multiple Platforms — Becoming a Story Curator — Storytelling Design And Composition — Storytelling Through Video And Scrollytelling — Podcasts For Business Storytelling — Brand Storytelling And Reputation Management — Outrage, Mis- and Disinformation In The Digital World — Artificial Intelligence, Virtual Reality And The Future Of Storytelling. | ||
| 520 | _aDigital storytelling for brands has become a non-negotiable skill in the 21st century, due to the need to connect and communicate with diverse audiences across multiple channels and platforms. The ability to understand narrative(s) is now a prerequisite for many business, communication, marketing and public relations professionals, as well as content creators and journalists. This book teaches essential skills in deconstructing the traditional narrative and how to adapt narrative to fit contemporary platforms. Co-creative methods are emphasised and provide readers with a theoretical underpinning of participatory culture, and narrative. For the first time ever, this book brings together extant arts and humanities-based models with business theory. It provides learners with a clear understanding of the creative and persuasive form of narrative within a digital context, whilst building brand. Contemporary case studies highlight challenges faced in the digital world, including implications for reputation management, considerations associated with mis- and disinformation and the crucial role of the collective narrative. A key principle guiding this book is: ‘the more digital we become, the more we crave to feel human’ and it is this very space where digital storytelling can cut through the (digital) noise to provide an authentic connection. Bridget Tombleson is an academic at Curtin University, Perth, Western Australia, with more than twenty years’ experience in public relations and the communication industry. Katharina Wolf is an Associate Professor at Curtin University in Perth, Western Australia, and Lead of the Faculty of Business and Law’s public relations program. | ||
| 650 | 0 |
_aBranding (Marketing) _96284 |
|
| 650 | 0 |
_aSemiotics. _925019 |
|
| 650 | 0 |
_aStorytelling _98216 |
|
| 700 |
_aWolf, Katharina, _eauthor. _925022 |
||
| 942 | _2lcc | ||
| 999 |
_c4581 _d4581 |
||